000 002620000a22000970004500
100 1 _aBarré, Michael L.
245 1 0 _aA proposal on the crux of Psalm 64:9a
300 _aVol. 46, Num. 1 (Enero, 1996), Páginas 115-119
773 0 _tVetus Testamentum
942 _cANA
999 _c58022
_d58022